Statistics for Numbers 1-100

Click here to take the quiz!

General Stats

  • This quiz has been taken 776 times
  • The average score is 95 of 100

Answer Stats

Answer% Correct
1
100%
2
99%
3
99%
4
99%
5
99%
6
99%
7
99%
10
98%
8
98%
9
98%
11
97%
12
97%
13
97%
14
97%
15
96%
16
96%
17
96%
18
96%
19
96%
20
96%
21
96%
22
96%
23
96%
24
96%
25
96%
26
95%
27
95%
28
95%
29
95%
30
95%
31
95%
32
95%
33
95%
34
95%
35
95%
36
95%
41
95%
43
95%
51
95%
56
95%
57
95%
61
95%
67
95%
71
95%
81
95%
100
94%
37
94%
38
94%
39
94%
40
94%
42
94%
44
94%
45
94%
46
94%
47
94%
48
94%
49
94%
50
94%
52
94%
53
94%
54
94%
55
94%
58
94%
59
94%
60
94%
62
94%
63
94%
64
94%
65
94%
66
94%
68
94%
69
94%
70
94%
72
94%
73
94%
74
94%
75
94%
76
94%
77
94%
78
94%
79
94%
80
94%
82
94%
83
94%
84
94%
85
94%
86
94%
87
94%
88
94%
89
94%
90
94%
91
94%
92
94%
93
94%
94
94%
95
94%
96
94%
97
94%
98
94%
99
94%

Score Distribution

Percentile by Number Answered

Percent of People with Each Score

Your Score History

You have not taken this quiz